| 000 | 00776nam a2200253Ia 4500 | ||
|---|---|---|---|
| 003 | GCL | ||
| 008 | 140319s9999 xx 000 0 ara d | ||
| 040 |
_aGCL / _cGCL |
||
| 082 | 0 | 4 |
_aم _b413.1 _bج ك |
| 100 | 1 | _aالجرجانى ، الشريف ابوالحسن عل | |
| 245 | 1 | 0 |
_aكتاب التعريفات / _cالجرجانى ، الشريف ابوالحسن عل |
| 260 |
_a[S.N] : _bمكتبة لبنان ، _c1990 |
||
| 300 | _a336 | ||
| 650 | 0 | 4 | _aالفلسفة |
| 650 | 0 | 4 | _aالتصوف |
| 650 | 0 | 4 | _aاللغات |
| 650 | 0 | 4 | _aاللغة العربية |
| 650 | 0 | 4 | _aالفقه الاسلامى |
| 650 | 0 | 4 | _aالبلاغة |
| 650 | 0 | 4 | _aالمعاجم |
| 650 | 0 | 4 | _aالمنطق |
| 650 | 0 | 4 | _aالمعاجم المتخصصة |
| 942 |
_2ddc _cREF |
||
| 999 |
_c59541 _d59541 |
||